Kyberšikana : průvodce novým fenoménem /
Uloženo v:
| Hlavní autoři: | , , |
|---|---|
| Další autoři: | |
| Médium: | Kniha |
| Jazyk: | čeština |
| Vydáno: |
Praha : Brno :
Grada Publishing ; Masarykova univerzita,
2013
|
| Vydání: | 1. vyd. |
| Edice: | Psyché
|
| Témata: | |
| ISBN: | 9788024745770, 9788021063747 |
| On-line přístup: |
|
| Tagy: |
Přidat tag
Žádné tagy, Buďte první, kdo vytvoří štítek k tomuto záznamu!
|
MARC
| LEADER | 00000nam a2200000 4500 | ||
|---|---|---|---|
| 003 | SK-BrCVT | ||
| 005 | 20220621182023.0 | ||
| 006 | aad e 001 0 | ||
| 008 | 160512s2013 xr ad e 001 0cze#d | ||
| 020 | |a 9788024745770 |q (brož) |c 8,79 | ||
| 020 | |a 9788021063747 |q (Masarykova univerzita) | ||
| 035 | |a CVTIDW0057669 | ||
| 040 | |a SNK |b slo |c SVKPO |e AACR2 |d CVTI SR | ||
| 041 | 0 | |a cze | |
| 044 | |a xr |c CZ | ||
| 080 | |a 316.48 |2 2008 | ||
| 080 | |a 004 |2 2008 | ||
| 100 | 1 | |a Dědková, Lenka |4 aut |4 edt | |
| 245 | 1 | 0 | |a Kyberšikana : |b průvodce novým fenoménem / |c Alena Černá, Lenka Dědková, Hana Macháčková, Anna Ševčíková, David Šmahel ; editorka: Alena Černá |
| 250 | |a 1. vyd. | ||
| 260 | |a Praha : |b Grada Publishing ; |a Brno : |b Masarykova univerzita, |c 2013 | ||
| 300 | |a 150 s. : |b grafy, lit., obr., tab. ; |c 21 cm | ||
| 490 | 0 | |a Psyché | |
| 653 | 1 | |a šikanovanie | |
| 655 | 7 | |a sprievodcovia |2 SNKPH | |
| 700 | 1 | |a Dědková, Lenka |4 aut | |
| 700 | 1 | |a Macháčková, Hana |4 aut | |
| 700 | 1 | |a Ševčíková, Anna |d 1974- |4 aut | |
| 700 | 1 | |a Šmahel, David |d 1974- |4 edt | |
| 760 | 1 | |t Psyché | |
| 852 | |a CVTISR |b 1 | ||
| 910 | |b A623870 |b A623871 | ||
| 919 | |a 978-80-247-4577-0 | ||
| 959 | |a 02 | ||
| 974 | |a gabriela.miklankova |f Knihy | ||
| 992 | |a ASP | ||
| 999 | |c 255856 |d 255856 | ||

